Schaum's Outline of Theory and Problems of Linear Algebra (Record no. 2107)
[ view plain ]
| 000 -LEADER | |
|---|---|
| fixed length control field | 01330pam a2200349 a 4500 |
| 001 - CONTROL NUMBER | |
| control field | 2944378 |
| 003 - CONTROL NUMBER IDENTIFIER | |
| control field | OSt |
| 005 - DATE AND TIME OF LATEST TRANSACTION | |
| control field | 20251005020003.0 |
| 008 - FIXED-LENGTH DATA ELEMENTS--GENERAL INFORMATION | |
| fixed length control field | 900626s1991 nyu 001 0 eng |
| 010 ## - LIBRARY OF CONGRESS CONTROL NUMBER | |
| LC control number | 90042357 |
| 020 ## - INTERNATIONAL STANDARD BOOK NUMBER | |
| International Standard Book Number | 0070380074 |
| 040 ## - CATALOGING SOURCE | |
| Original cataloging agency | DLC |
| Transcribing agency | DLC |
| Modifying agency | DLC |
| 050 00 - LIBRARY OF CONGRESS CALL NUMBER | |
| Classification number | QA188 |
| Item number | .L57 1991 |
| 082 00 - DEWEY DECIMAL CLASSIFICATION NUMBER | |
| Classification number | 512.5 |
| Edition number | 20 |
| Item number | LIP 1991 |
| 100 1# - MAIN ENTRY--PERSONAL NAME | |
| Personal name | Lipschutz, Seymour. |
| 9 (RLIN) | 714 |
| 245 10 - TITLE STATEMENT | |
| Title | Schaum's Outline of Theory and Problems of Linear Algebra |
| 250 ## - EDITION STATEMENT | |
| Edition statement | 2nd ed. |
| 260 ## - PUBLICATION, DISTRIBUTION, ETC. (IMPRINT) | |
| Place of publication, distribution, etc. | New York : |
| Name of publisher, distributor, etc. | McGraw-Hill, |
| Date of publication, distribution, etc. | 1991. |
| 300 ## - PHYSICAL DESCRIPTION | |
| Extent | vii, 453 p. ; |
| Dimensions | 27 cm. |
| 490 0# - SERIES STATEMENT | |
| Series statement | Schaum's outline series |
| 500 ## - GENERAL NOTE | |
| General note | Spine title: Linear algebra. |
| 500 ## - GENERAL NOTE | |
| General note | Includes index. |
| 650 #0 - SUBJECT ADDED ENTRY--TOPICAL TERM | |
| Topical term or geographic name as entry element | Linear algebra |
| 9 (RLIN) | 5450 |
| 740 0# - ADDED ENTRY--UNCONTROLLED RELATED/ANALYTICAL TITLE | |
| Uncontrolled related/analytical title | Outline of theory and problems of linear algebra. |
| 740 0# - ADDED ENTRY--UNCONTROLLED RELATED/ANALYTICAL TITLE | |
| Uncontrolled related/analytical title | Linear algebra. |
| 856 42 - ELECTRONIC LOCATION AND ACCESS | |
| Materials specified | Contributor biographical information |
| Uniform Resource Identifier | http://www.loc.gov/catdir/enhancements/fy0602/90042357-b.html |
| 856 42 - ELECTRONIC LOCATION AND ACCESS | |
| Materials specified | Publisher description |
| Uniform Resource Identifier | http://www.loc.gov/catdir/enhancements/fy0602/90042357-d.html |
| 856 41 - ELECTRONIC LOCATION AND ACCESS | |
| Materials specified | Table of contents only |
| Uniform Resource Identifier | http://www.loc.gov/catdir/enhancements/fy0602/90042357-t.html |
| 906 ## - LOCAL DATA ELEMENT F, LDF (RLIN) | |
| a | 7 |
| b | cbc |
| c | orignew |
| d | 1 |
| e | ocip |
| f | 19 |
| g | y-gencatlg |
| 942 ## - ADDED ENTRY ELEMENTS (KOHA) | |
| Source of classification or shelving scheme | Dewey Decimal Classification |
| Koha item type | Short Loan |
| Koha issues (borrowed), all copies | 1 |
| Withdrawn status | Lost status | Source of classification or shelving scheme | Damaged status | Not for loan | Home library | Current library | Date acquired | Source of acquisition | Inventory number | Total Checkouts | Full call number | Barcode | Date last seen | Koha item type | Date last checked out | Price effective from |
|---|---|---|---|---|---|---|---|---|---|---|---|---|---|---|---|---|
| Dewey Decimal Classification | MUST Main Library | MUST Main Library | 19/06/2015 | Purchase | 9884 | 512.5 LIP 1991 | 2015-1977 | 19/06/2015 | Short Loan | |||||||
| Dewey Decimal Classification | MUST Main Library | MUST Main Library | 02/03/2021 | Purchase | 9917 | 1 | 512.5 LIP 1991 | 2021-0238 | 04/05/2021 | Book Bank | 03/03/2021 | |||||
| Dewey Decimal Classification | MUST Main Library | MUST Main Library | 19/03/2021 | Purchase | 9916 | 1 | 512.5 LIP 1991 | 2021-0283 | 25/05/2021 | Book Bank | 19/03/2021 | 19/03/2021 | ||||
| Dewey Decimal Classification | MUST Main Library | MUST Main Library | 22/03/2021 | Purchase | 125 | 1 | 512.5 LIP 1991 | 2021-0302 | 31/05/2021 | Book Bank | 22/03/2021 | |||||
| Dewey Decimal Classification | MUST Main Library | MUST Main Library | 04/10/2025 | Purchase | 9910 | 1 | 512.5 LIP 1991 | 2025-0054 | 09/12/2025 | Book Bank | 04/10/2025 | 04/10/2025 |
